000 00512nam a22001697a 4500
999 _c192702
_d192702
010 _aENG-135078
020 _a9789389146066
_c250.00
035 _aEN-118610
037 _bDBAD/PUB
082 _a658.45
100 _aRamdiwakar,B.
245 _aCorporate Communication/
_cby B.Ramdiwakar
260 _aTamil Nadu
_bShanlax publications
_c2019
270 _a61,66 T.P.K,Main Road,Vasantha Nagar,Madurai,
_bTamil Nadu
_e625003
300 _a107p.
_c23cm(pbk)
942 _2ddc
_cEN
_h658.45
_mRAM